Six Closest Capitals - Ankara - Statistics

General Stats
  • This quiz has been taken 77 times
  • The average score is 3 of 6
Answer Stats
km capital miles % Correct
817 Athens 507
92%
774 Damascus 480
68%
854 Sofia 531
58%
527 Nicosia 327
48%
708 Beirut 439
40%
751 Bucharest 466
16%
No matching quizzes found
Score Distribution
Percent of People with Each Score
Percentile by Number Answered
Your Score History
You have not taken this quiz